Statistics for Five biggest countries in Africa by population

Click here to take the quiz!

General Stats

  • This quiz has been taken 25 times
  • The average score is 5 of 5

Answer Stats

Answer% Correct
Nigeria
100%
Egypt
95%
Ethiopia
95%
Democratic Republic of the congo
86%
Tanzania
82%

Score Distribution

Percentile by Number Answered

Percent of People with Each Score

Your Score History

You have not taken this quiz